| 000 | 00851nas a2200301 4500 | ||
|---|---|---|---|
| 001 | BR2012002004 | ||
| 003 | BR-BrBNA | ||
| 005 | 20231205120349.0 | ||
| 007 | ta | ||
| 008 | 230509b bl.|||p| |||| 00| 00por d | ||
| 040 |
_aBR-BrBNA _bpor _cBiblioteca Nacional de Agricultura |
||
| 041 | _a(Pt) | ||
| 072 | _aL73 | ||
| 100 | 1 | _aCalil, E.M.B. | |
| 100 | 1 | _aBaldassi, L. | |
| 100 | 1 | _aPortugal, M.A.S.C. | |
| 100 | 1 | _aMacruz, R. | |
| 100 | 1 | _aMoulin, A.A.P. | |
| 245 | 1 | _aTétano em equino puro sangueinglês - relato de uma ocorrência | |
| 650 | _aEQUINO | ||
| 650 | _aTÉTANO | ||
| 650 | _aDOENÇA ANIMAL | ||
| 650 | _aBACTÉRIA | ||
| 650 | _aHISTOPATOLOGIA | ||
| 773 | 0 |
_tO Biológico (Brazil) _xISSN 0366-0567 _g(Jan-Dec 1995), v. 57(1-2) p. 1-4 _wBR2012002004 |
|
| 909 |
_a202311 _bLúcia _c55 _dLúcia Elande |
||
| 942 |
_2AGRIS _n0 _cANA |
||
| 999 |
_c218136 _d218136 |
||